Upcycling : Ze starého nové /

Salvato in:
Dettagli Bibliografici
Autore principale: McMurdo, Max (Autore)
Altri autori: Small, Jacqui (Redattore, Fotografo), Brown, Simon (Fotografo), Vlasák, Lukáš (Intervistatore)
Natura: Libro
Lingua:ceco
Pubblicazione: Praha : Svojtka & Co., s.r.o., 2017
Edizione:1. české vydanie
Soggetti:
Tags: Aggiungi Tag
Nessun Tag, puoi essere il primo ad aggiungerne!!

MARC

LEADER 00000nam a22000003a 4500
001 0065308
003 SK-STU
005 20190328164350.9
007 ta
008 180531s ----xo-----e------000-0-----d
020 |a 978-80-256-2097-7 
040 |a STU  |b slo 
041 0 |a cze 
044 |a xr 
100 1 |a McMurdo, Max  |4 aut 
245 1 0 |a Upcycling :  |b Ze starého nové /  |c aut. Max McMurdo ; ed. Jacqui Small ; fotogr. Simon Brown ; aut. interv. Lukáš Vlasák 
246 3 1 |b 20 kreativních projektů z použitých materiálů 
250 |a 1. české vydanie 
260 |a Praha :  |b Svojtka & Co., s.r.o.,  |c 2017 
300 |a 144 s. 
650 0 7 |a dizajn produktový 
650 0 7 |a obnova 
650 0 7 |a recyklácia stavebných materiálov 
650 0 7 |a znovuvyužitie 
650 0 7 |a znovupoužitie materiálov 
650 0 7 |a nábytok 
650 0 7 |a doplnky 
700 1 |a Small, Jacqui  |4 edt  |4 pht 
700 1 |a Brown, Simon  |4 pht 
700 1 |a Vlasák, Lukáš  |4 ivr 
996 |b 284AU07521  |c A* 10769/U  |l AAKNAR  |s A  |a 24  |w 0065308_0001